Best Songs of Each Year - Statistics

General Stats
  • This quiz has been taken 26 times
  • The average score is 11 of 24
Answer Stats
Year Song Artist % Correct
2014 Happy Pharrell Williams
83%
2012 Call Me Maybe Carly Ray Jepsen
78%
2019 Old Town Road Little Naz X
74%
2017 Shape of You Ed Sheeran
74%
2020 Blinding Lights The Weeknd
70%
2010 Tik Tok Kesha
70%
2011 Rolling In The Deep Adelee
65%
2015 Uptown Funk Bruno Mars
65%
2013 Thrift Shop Macklemore
61%
2018 Gods' Plan Drake
52%
2016 Love Yourself Justin Bieber
48%
2022 Heat Waves Glass Animals
43%
2021 Levitating Dua Lipa
43%
2004 Yeah! Usherr
43%
2009 Boom Boom Pow The Black Eyed Peas
39%
2006 Bad Day Daniel Powter
35%
2023 Last Night Morgan Wallen
30%
2008 Low Flo Ridaa
30%
2000 Smooth Santanaa
30%
2002 How You Remind Me Nickelback
26%
2003 Ignition R. Kelly
22%
2007 Irreplaceable Beyonce
22%
2001 Hanging by a Moment Lifehouse
9%
2005 Push The Button Sugababiess
4%
No matching quizzes found
Score Distribution
Percent of People with Each Score
Percentile by Number Answered
Your Score History
You have not taken this quiz